00566nam a22001577a 4500999001700000008004100017020001500058050002000073100001700093245004300110260005300153300002700206500001900233942003200252952012400284 c28809d28809170322b xxu||||| |||| 00| 0 eng d a0973116625 aQM 25 .C65 2004 aEasteal, Ron aA collection of human anatomy images / aCampus Bookstore, :bQueens university ,c2004 . aVarious pagingbill, ; aincludes index 2lcccBOOKShQM 25 .C65 2004 00102lcc4070aMUCbMUCcGENd2017-03-22eDonation(BFA)l0oREF QM 25 .C65 2004p36925r2017-03-23w2017-03-22yBOOKS